Normal view
MARC view
Entry Personal Name
001 - CONTROL NUMBER
- control field: 69244
003 - CONTROL NUMBER IDENTIFIER
- control field: OSt
005 - DATE AND TIME OF LATEST TRANSACTION
- control field: 20170928163357.0
008 - FIXED-LENGTH DATA ELEMENTS
- fixed length control field: 170928|| aca||aabn | a|a d
040 ## - CATALOGING SOURCE
- Original cataloging agency: OSt
- Transcribing agency: OSt
100 ## - HEADING--PERSONAL NAME
- Personal name: कौशिश, डॉ जयनारायण
670 ## - SOURCE DATA FOUND
- Source citation: Work cat.: (OSt): कौशिश, डॉ जयनारायण , छात्रोपयोगी हिन्दी शब्दकाेश , 2007









